| 000 | 00624nam a2200205Ia 4500 | ||
|---|---|---|---|
| 005 | 20250508162701.0 | ||
| 008 | 008 250505s9999 xx 000 0 eng d | ||
| 037 | _aBooks to be hide in OPAC | ||
| 040 |
_aFEDL _beng _cFEDL |
||
| 041 |
_aeng _2eng |
||
| 084 |
_a001.4, AGG _qFEDL |
||
| 100 |
_aAggarwal Y P Ed. _9612018 |
||
| 245 | 0 | _aResearch in emerging fields of education: Concepts, trends and prospects | |
| 260 |
_aNew Delhi, India _bSterling Publishers Pvt. Ltd. _c1988 |
||
| 300 | _axvi, 304p | ||
| 365 |
_aINR _b150 |
||
| 650 | _aResearch | ||
| 942 |
_cHB _h001.4, AGG |
||
| 999 |
_c1378042 _d1378042 |
||